[Event "Baku Open 2011"]
[Site "Baku AZE"]
[Date "2011.08.11"]
[Round "6"]
[White "Andreikin, D."]
[Black "Volkov, Sergey1"]
[Result "1-0"]
[WhiteElo "2696"]
[BlackElo "2607"]
[PlyCount "79"]
[EventDate "2011.08.06"]

1. c4 e5 2. Nc3 Bb4 3. Nd5 Be7 4. d4 d6 5. Nf3 e4 6. Nd2 f5 7. Nb1 Nf6 8. Nbc3
O-O 9. Nxe7+ Qxe7 10. Bg5 Qf7 11. e3 Nc6 12. Be2 Qg6 13. h4 h6 14. Bxf6 Qxg2
15. Kd2 Rxf6 16. Nd5 Rf7 17. Qg1 Qxg1 18. Rhxg1 f4 19. Bh5 Rf8 20. Nxc7 Rb8 21.
Ne8 Kh8 22. Nxd6 Be6 23. Rg6 Bg8 24. Rag1 Rfd8 25. c5 b6 26. Rxg7 bxc5 27. R7g6
Rd7 28. dxc5 Bxa2 29. Rxh6+ Rh7 30. Rxh7+ Kxh7 31. Bg6+ Kh8 32. exf4 Rxb2+ 33.
Ke3 Rb3+ 34. Kxe4 Rb4+ 35. Ke3 a5 36. Bf7 Bb3 37. Bxb3 Rxb3+ 38. Ke4 Rb2 39.
Kd5 Nd8 40. Ne4 1-0

[Event "Baku Open 2011"]
[Site "Baku AZE"]
[Date "2011.08.11"]
[Round "6"]
[White "Vallejo Pons, F."]
[Black "Najer, E."]
[Result "1/2-1/2"]
[WhiteElo "2724"]
[BlackElo "2643"]
[PlyCount "147"]
[EventDate "2011.08.06"]

1. Nf3 d5 2. d4 Nf6 3. c4 c6 4. e3 Bg4 5. h3 Bh5 6. Nc3 e6 7. g4 Bg6 8. Ne5
Nbd7 9. Nxg6 hxg6 10. Bd2 Bb4 11. Qb3 a5 12. g5 Ne4 13. Nxe4 dxe4 14. Bxb4 axb4
15. h4 Qa5 16. Bg2 f5 17. gxf6 Nxf6 18. c5 Kf7 19. f3 exf3 20. Bxf3 Rh6 21. a3
bxa3+ 22. Kd1 Qc7 23. Rxa3 Rxa3 24. bxa3 Nd5 25. e4 Nf4 26. Kd2 Kg8 27. Ke3 Kh7
28. Qb6 Qb8 29. e5 Nd5+ 30. Bxd5 exd5 31. Qb1 Qa8 32. Qd3 Qd8 33. Kd2 Rxh4 34.
Rxh4+ Qxh4 35. a4 Kg8 36. Kc3 Kf7 37. Kb4 g5 38. Ka5 Qf4 39. Qb1 Qxd4 40. Qxb7+
Ke6 41. Qxc6+ Kxe5 42. Qd6+ Kf5 43. c6 Qc3+ 44. Ka6 Qc4+ 45. Kb7 Qb3+ 46. Kc8
d4 47. Qxd4 g4 48. Qd7+ Kf4 49. c7 g3 50. Kd8 Qg8+ 51. Ke7 g2 52. Qd4+ Kf3 53.
Qc3+ Kf4 54. Qc1+ Kf3 55. Qc6+ Kg3 56. Qc3+ Kf4 57. Qc1+ Kf3 58. a5 Qc8 59. Kd6
Kf2 60. Qb2+ Kf1 61. Qb1+ Ke2 62. Qb5+ Ke1 63. Qb1+ Ke2 64. Kc6 g5 65. Qb5+ Kf2
66. Qc5+ Kf1 67. Qc4+ Kf2 68. Qd4+ Kg3 69. Qd6+ Kh3 70. Qd3+ Kh2 71. Qd6+ Kh3
72. Qd3+ Kh2 73. Qh7+ Kg3 74. Qd3+ 1/2-1/2

[Event "Baku Open 2011"]
[Site "Baku AZE"]
[Date "2011.08.11"]
[Round "6"]
[White "Dreev, A."]
[Black "Safarli, E."]
[Result "1-0"]
[WhiteElo "2711"]
[BlackElo "2622"]
[PlyCount "103"]
[EventDate "2011.08.06"]

1. d4 Nf6 2. c4 g6 3. Nc3 d5 4. Nf3 Bg7 5. Bf4 O-O 6. Rc1 dxc4 7. e3 Be6 8. Ng5
Bd5 9. Nxd5 Nxd5 10. Bxc4 Nxf4 11. Qf3 e6 12. Qxf4 c5 13. dxc5 Qa5+ 14. Ke2 Nc6
15. Rhd1 Ne5 16. Qe4 Rad8 17. Rxd8 Rxd8 18. Rc2 h6 19. Nf3 Qxc5 20. Bxe6 Qd6
21. Rd2 Qa6+ 22. Bc4 Rxd2+ 23. Nxd2 Nxc4 24. Qxc4 b5 25. Qb3 Qc6 26. Nf3 a5 27.
Ne1 Qc5 28. Qc2 Qh5+ 29. Nf3 Qg4 30. Kf1 a4 31. b3 a3 32. Qc6 b4 33. h3 Qf5 34.
e4 Qf4 35. Qc8+ Kh7 36. Qc2 Bc3 37. Ke2 Kg7 38. g3 Qf6 39. h4 Qe6 40. Kf1 Qh3+
41. Kg1 Qd7 42. Kg2 Qd6 43. Qe2 Qd7 44. h5 g5 45. Nh2 Qd6 46. Qf3 Bd4 47. Ng4
Qd7 48. e5 Qe6 49. Qf6+ Qxf6 50. exf6+ Bxf6 51. Ne3 Ba1 52. Kf3 1-0

[Event "Russian SuperFinal 2011"]
[Site "Moscow RUS"]
[Date "2011.08.11"]
[Round "4"]
[White "Morozevich, A."]
[Black "Timofeev, Arty"]
[Result "1-0"]
[WhiteElo "2694"]
[BlackElo "2665"]
[PlyCount "77"]
[EventDate "2011.08.08"]

1. d4 d5 2. c4 dxc4 3. e4 Nf6 4. e5 Nd5 5. Bxc4 Nb6 6. Bd3 Nc6 7. Ne2 Bg4 8. f3
Be6 9. Nbc3 Bc4 10. Bxc4 Nxc4 11. e6 fxe6 12. O-O Nb6 13. Ne4 g6 14. Nc5 Qd6
15. Nxb7 Qd5 16. Be3 Bg7 17. Nf4 Qf5 18. Rc1 Nxd4 19. Bxd4 Bxd4+ 20. Qxd4 e5
21. Qb4 Qxf4 22. Qb5+ c6 23. Qxc6+ Kf7 24. Nc5 Qd4+ 25. Kh1 Qd5 26. Qxd5+ Nxd5
27. Nd3 Kf6 28. Rc6+ e6 29. Re1 Rhc8 30. Ra6 Rc2 31. h4 Rc4 32. Re4 Rd4 33. Nc5
Nf4 34. Rxd4 exd4 35. g3 Rc8 36. b4 Nd5 37. Rxe6+ Kf7 38. Ra6 Nxb4 39. Rxa7+
1-0

[Event "Russian SuperFinal 2011"]
[Site "Moscow RUS"]
[Date "2011.08.11"]
[Round "4"]
[White "Svidler, P."]
[Black "Galkin, A."]
[Result "1-0"]
[WhiteElo "2739"]
[BlackElo "2598"]
[PlyCount "85"]
[EventDate "2011.08.08"]

1. e4 c6 2. d4 d5 3. e5 Bf5 4. h4 h5 5. c4 e6 6. Nc3 Be7 7. Nge2 Nh6 8. Ng3 g6
9. Bf4 Kf8 10. Qd2 Kg7 11. Bg5 a6 12. Be2 Nd7 13. O-O dxc4 14. Bxc4 Bxg5 15.
hxg5 Ng8 16. Nge4 Bxe4 17. Nxe4 Ne7 18. Rad1 Nf5 19. Nf6 Qe7 20. Qa5 Rhd8 21.
Rfe1 Nf8 22. Qb6 Rac8 23. Bb3 Nh7 24. f4 Qc7 25. Qc5 Nxf6 26. gxf6+ Kh7 27. Kh2
Nh6 28. Rd2 Rd7 29. Bd1 Qd8 30. Bf3 Qf8 31. Qc3 Rcd8 32. Red1 Kg8 33. Kg1 Kh7
34. b4 Kg8 35. a3 Kh7 36. Rd3 Kg8 37. Bxh5 Nf5 38. Bg4 Qh6 39. Bxf5 exf5 40.
Rf1 Qh4 41. Rh3 Qg4 42. e6 fxe6 43. Qe1 1-0

[Event "Baku Open 2011"]
[Site "Baku AZE"]
[Date "2011.08.12"]
[Round "7"]
[White "Dominguez Perez, L."]
[Black "Mchedlishvili, M."]
[Result "1/2-1/2"]
[WhiteElo "2719"]
[BlackElo "2618"]
[PlyCount "64"]
[EventDate "2011.08.06"]

1. e4 c6 2. d4 d5 3. Nc3 dxe4 4. Nxe4 Bf5 5. Ng3 Bg6 6. h4 h6 7. Nf3 Nd7 8. h5
Bh7 9. Bd3 Bxd3 10. Qxd3 e6 11. Bd2 Ngf6 12. O-O-O Qc7 13. Ne4 O-O-O 14. g3
Nxe4 15. Qxe4 Nf6 16. Qe2 Bd6 17. Kb1 Rd7 18. c4 c5 19. Bc3 cxd4 20. Nxd4 a6
21. g4 Rhd8 22. Nb3 Bf4 23. Rxd7 Qxd7 24. f3 e5 25. Rf1 Qd3+ 26. Qxd3 Rxd3 27.
Nc5 Re3 28. Bd2 Re2 29. Bxf4 exf4 30. Nd3 Rd2 31. Nxf4 Rd4 32. Ne2 Rxc4 1/2-1/2

[Event "Baku Open 2011"]
[Site "Baku AZE"]
[Date "2011.08.12"]
[Round "7"]
[White "Sutovsky, E."]
[Black "Andreikin, D."]
[Result "1/2-1/2"]
[WhiteElo "2700"]
[BlackElo "2696"]
[PlyCount "87"]
[EventDate "2011.08.06"]

1. e4 e5 2. Nf3 Nc6 3. Bb5 g6 4. c3 a6 5. Bc4 d6 6. d4 Bg7 7. O-O h6 8. Be3 Qf6
9. d5 Nce7 10. Be2 g5 11. Nfd2 Ng6 12. c4 Nf4 13. c5 Ne7 14. cxd6 cxd6 15. Nc4
O-O 16. Nb6 Rb8 17. Nd2 Neg6 18. Bg4 Bxg4 19. Qxg4 Qd8 20. Qd7 Re8 21. g3 Ne2+
22. Kg2 Qxd7 23. Nxd7 Rbc8 24. Nb6 Rc2 25. Nbc4 Bf8 26. Rfe1 Nd4 27. Rac1 b5
28. Bxd4 Rxc1 29. Rxc1 exd4 30. Na5 Ne5 31. Nab3 Bg7 32. Rc7 d3 33. f4 Ng4 34.
e5 dxe5 35. d6 Bf8 36. Ne4 f5 37. d7 Rd8 38. Nf2 Ne3+ 39. Kh3 Be7 40. fxg5 hxg5
41. g4 f4 42. Rc8 Kf7 43. Nxd3 Ke6 44. Nbc5+ 1/2-1/2

[Event "Baku Open 2011"]
[Site "Baku AZE"]
[Date "2011.08.12"]
[Round "7"]
[White "Smirin, I."]
[Black "Vallejo Pons, F."]
[Result "1/2-1/2"]
[WhiteElo "2676"]
[BlackElo "2724"]
[PlyCount "36"]
[EventDate "2011.08.06"]

1. e4 c5 2. Ne2 Nf6 3. Nbc3 d5 4. exd5 Nxd5 5. Nxd5 Qxd5 6. d4 e5 7. Nc3 Qxd4
8. Be3 Qxd1+ 9. Rxd1 Be6 10. Ne4 Nd7 11. Ng5 Bg4 12. f3 Bh5 13. Bc4 Rd8 14. O-O
Be7 15. Ne4 O-O 16. Bb5 Nf6 17. Bxc5 Bxc5+ 18. Nxc5 b6 1/2-1/2

[Event "Baku Open 2011"]
[Site "Baku AZE"]
[Date "2011.08.12"]
[Round "7"]
[White "Dreev, A."]
[Black "Zhigalko, S."]
[Result "1/2-1/2"]
[WhiteElo "2711"]
[BlackElo "2689"]
[PlyCount "47"]
[EventDate "2011.08.06"]

1. d4 Nf6 2. c4 e6 3. Nc3 Bb4 4. Qc2 O-O 5. a3 Bxc3+ 6. Qxc3 d6 7. Bg5 Nbd7 8.
e3 b6 9. Nf3 Bb7 10. Nd2 c5 11. dxc5 bxc5 12. Bd3 h6 13. Bh4 Qb6 14. f3 d5 15.
Bf2 Rfd8 16. O-O a5 17. Rfd1 a4 18. Rac1 Rab8 19. cxd5 exd5 20. Bf5 Ba6 21. Rb1
g6 22. Bh3 Be2 23. Re1 Qa6 24. Bg3 1/2-1/2

[Event "Baku Open 2011"]
[Site "Baku AZE"]
[Date "2011.08.12"]
[Round "7"]
[White "Mamedyarov, S."]
[Black "Guliev, L."]
[Result "1-0"]
[WhiteElo "2765"]
[BlackElo "2458"]
[PlyCount "85"]
[EventDate "2011.08.06"]

1. d4 Nf6 2. c4 e6 3. Nc3 Bb4 4. Qc2 O-O 5. Bg5 d6 6. Nf3 Nbd7 7. e3 b6 8. a3
Bxc3+ 9. Qxc3 Bb7 10. Nd2 c5 11. dxc5 bxc5 12. Bd3 a5 13. O-O Qb6 14. e4 h6 15.
Bh4 d5 16. cxd5 exd5 17. f3 Rfe8 18. Rfe1 Ne5 19. Bf1 d4 20. Qb3 Nfd7 21. Qxb6
Nxb6 22. Rec1 Rec8 23. Bg3 f6 24. Nb3 Na4 25. Rab1 Ba6 26. Bxa6 Rxa6 27. Nxd4
Rb8 28. Nf5 Rab6 29. Bxe5 fxe5 30. h4 Rb3 31. Rc4 Nxb2 32. Rxc5 a4 33. Rbc1 Nd3
34. Rc8+ Kh7 35. Rxb8 Nxc1 36. Rc8 Nd3 37. Rc7 Rxa3 38. Rxg7+ Kh8 39. Ra7 Ra1+
40. Kh2 a3 41. Nxh6 a2 42. Ng4 Nb4 43. Nf6 1-0

[Event "Chinese League"]
[Site "Ningbo CHN"]
[Date "2011.04.12"]
[Round "1"]
[White "Lu, Shanglei"]
[Black "Le, Quang Liem"]
[Result "1/2-1/2"]
[WhiteElo "2456"]
[BlackElo "2689"]
[PlyCount "183"]
[EventDate "2011.04.12"]
[WhiteTeam "Zhejiang"]
[BlackTeam "Qingdao"]

1. e4 c5 2. Nf3 e6 3. b3 d6 4. d4 Nf6 5. Bd3 cxd4 6. Nxd4 Nc6 7. Bb2 e5 8. Ne2
d5 9. exd5 Nxd5 10. O-O Be6 11. a3 Bd6 12. c4 Nf6 13. Ng3 O-O 14. Nd2 a5 15.
Nf3 h6 16. Re1 Qb6 17. Bf5 Bc5 18. Qc2 Rfe8 19. h3 Rad8 20. Bxe5 Nxe5 21. Rxe5
Bxf5 22. Nxf5 Rxe5 23. Nxe5 Qe6 24. Ng4 Nxg4 25. hxg4 g6 26. Nxh6+ Kh7 27. g5
Rd4 28. Qc3 Rf4 29. Rf1 Qe2 30. Qg3 Bxf2+ 31. Qxf2 Rxf2 32. Rxf2 Qe1+ 33. Rf1
Qe3+ 34. Rf2 Kg7 35. b4 a4 36. c5 Qxg5 37. Nf5+ gxf5 38. Rf3 Qc1+ 39. Kh2 Kf6
40. Rh3 Ke5 41. Rf3 f4 42. Rh3 f5 43. Rf3 Kd4 44. Rh3 Qe3 45. Rf3 Kc4 46. Rh3
Kd4 47. Rf3 Qe5 48. Kg1 Ke4 49. Kh1 Qh8+ 50. Kg1 Qb2 51. Kh2 Qc1 52. Rh3 Ke5
53. Rf3 Kf6 54. Rh3 Kg5 55. Rf3 Kg4 56. Rh3 Qb2 57. Rf3 Qb3 58. Rh3 Kg5 59. Rf3
Kf6 60. Rh3 Ke5 61. Rf3 Ke4 62. Rh3 Qd1 63. Rf3 Qe2 64. Rh3 Qb2 65. Rf3 Qe5 66.
Kg1 Qh8 67. Rh3 Qd4+ 68. Kh2 Qf2 69. Rf3 Qe2 70. Rh3 Qd1 71. Rf3 Qxf3 72. gxf3+
Kxf3 73. b5 Ke3 74. c6 bxc6 75. bxc6 f3 76. c7 f2 77. c8=Q f1=Q 78. Qc5+ Kd2
79. Qb4+ Ke3 80. Qc5+ Kd2 81. Qb4+ Kc1 82. Qc3+ Kb1 83. Qb4+ Ka2 84. Qxa4 Qf2+
85. Kh3 f4 86. Qc4+ Kb2 87. Kg4 Qg3+ 88. Kf5 f3 89. Qd4+ Kc2 90. Qe3 Qg2 91.
Qe4+ Kb2 92. Kf4 1/2-1/2

[Event "Chinese League"]
[Site "Ningbo CHN"]
[Date "2011.04.13"]
[Round "2"]
[White "Le, Quang Liem"]
[Black "Wang, Rui"]
[Result "1-0"]
[WhiteElo "2689"]
[BlackElo "2437"]
[PlyCount "71"]
[EventDate "2011.04.12"]
[WhiteTeam "Qingdao"]
[BlackTeam "Hebei"]

1. d4 Nf6 2. Nf3 g6 3. c4 Bg7 4. g3 O-O 5. Bg2 d6 6. O-O Nbd7 7. Nc3 e5 8. e4
c6 9. Rb1 exd4 10. Nxd4 Re8 11. Re1 a5 12. b3 Ng4 13. Bb2 Nc5 14. h3 Ne5 15.
Re3 Qb6 16. Ba1 Qa7 17. Nce2 f6 18. Qc2 Bd7 19. Rd1 Re7 20. a3 Qb6 21. Nf4 Rae8
22. Bc3 a4 23. b4 Ne6 24. Ndxe6 Bxe6 25. Nxe6 Rxe6 26. Bb2 Qa7 27. c5 Nf7 28.
Red3 Bf8 29. Bd4 dxc5 30. bxc5 Rd8 31. Be3 Rxd3 32. Rxd3 Re8 33. Qc3 Be7 34.
Bf1 Rd8 35. Rxd8+ Nxd8 36. e5 1-0

[Event "Chinese League"]
[Site "Chengdu CHN"]
[Date "2011.05.26"]
[Round "4"]
[White "Xiu, Deshun"]
[Black "Motylev, Alexander"]
[Result "1-0"]
[WhiteElo "2508"]
[BlackElo "2677"]
[PlyCount "113"]
[EventDate "2011.04.12"]
[WhiteTeam "Beijing"]
[BlackTeam "Chongqing"]

1. d4 d6 2. Nf3 g6 3. c4 Bg7 4. Nc3 Nc6 5. d5 Nb8 6. g3 e5 7. dxe6 Bxe6 8. Bg2
Nc6 9. Nd5 h6 10. O-O Nge7 11. Qb3 Rb8 12. Nf4 Bg4 13. h3 Bd7 14. Bd2 O-O 15.
Rfd1 Qe8 16. a4 b6 17. Qc2 a5 18. Nd5 Qc8 19. Kh2 Re8 20. Qc1 Nf5 21. Bc3 Ne5
22. e4 Ne7 23. Qf4 g5 24. Nf6+ Bxf6 25. Qxf6 N7g6 26. Nd4 Qd8 27. Qxd8 Rbxd8
28. b3 h5 29. Nf5 g4 30. hxg4 hxg4 31. Ne3 Kg7 32. Kg1 f6 33. Nd5 Rc8 34. c5
dxc5 35. Nxf6 Kxf6 36. Rxd7 Ke6 37. Rdd1 Rcd8 38. Kf1 Nf3 39. Rac1 Nge5 40. Ke2
Rh8 41. Bxf3 gxf3+ 42. Ke3 Rhf8 43. Bxe5 Kxe5 44. Rxd8 Rxd8 45. Kxf3 Rd3+ 46.
Kg4 Kxe4 47. Re1+ Kd5 48. f4 b5 49. f5 c4 50. bxc4+ bxc4 51. f6 Rd2 52. Rf1 Kc5
53. f7 Rd8 54. f8=Q+ Rxf8 55. Rxf8 c3 56. Rf1 Kb4 57. Kf4 1-0

[Event "Chinese League"]
[Site "Chengdu CHN"]
[Date "2011.05.28"]
[Round "6"]
[White "Ma, Zhonghan"]
[Black "Motylev, Alexander"]
[Result "1/2-1/2"]
[WhiteElo "2262"]
[BlackElo "2677"]
[PlyCount "101"]
[EventDate "2011.04.12"]
[WhiteTeam "Qingdao"]
[BlackTeam "Chongqing"]

1. d4 Nf6 2. c4 e6 3. Nc3 Bb4 4. Qc2 O-O 5. a3 Bxc3+ 6. Qxc3 d5 7. Nf3 dxc4 8.
Qxc4 b6 9. Bg5 Ba6 10. Qc2 h6 11. Bh4 c5 12. dxc5 bxc5 13. e3 Bxf1 14. Rxf1 g5
15. Bg3 Qd5 16. Ke2 Nbd7 17. Rfd1 Qb7 18. Kf1 Rfd8 19. Ne5 Nb6 20. Kg1 c4 21.
Nxc4 Nxc4 22. Qxc4 Qxb2 23. Qb4 Qc2 24. Rdc1 Qd3 25. Qc3 Ne4 26. Qxd3 Rxd3 27.
Rd1 Rad8 28. Rxd3 Rxd3 29. Bb8 a6 30. f3 Nc3 31. e4 f6 32. Bg3 Ne2+ 33. Kf1
Nxg3+ 34. hxg3 a5 35. a4 h5 36. Ra2 Kf7 37. Kf2 e5 38. Ke2 Rb3 39. Kd2 Kg6 40.
Kc2 Rb4 41. Kd3 Rd4+ 42. Ke3 Rd1 43. Ke2 Rb1 44. Kf2 Rb3 45. Ke2 h4 46. gxh4
gxh4 47. Kf2 Kg5 48. Rc2 Ra3 49. Rc8 Kf4 50. Rf8 Ra2+ 51. Kg1 1/2-1/2

[Event "Chinese League"]
[Site "Shenzhen CHN"]
[Date "2011.07.10"]
[Round "8"]
[White "Xiu, Deshun"]
[Black "Le, Quang Liem"]
[Result "1/2-1/2"]
[WhiteElo "2508"]
[BlackElo "2689"]
[PlyCount "98"]
[EventDate "2011.04.12"]
[WhiteTeam "Beijing"]
[BlackTeam "Qingdao"]

1. Nf3 c5 2. c4 Nc6 3. d4 cxd4 4. Nxd4 Nf6 5. Nc3 Qb6 6. e3 g6 7. Be2 Bg7 8.
O-O O-O 9. Nb3 d6 10. e4 Be6 11. Be3 Qd8 12. f3 a5 13. Na4 Nd7 14. Rc1 Rc8 15.
f4 Nf6 16. Bf3 Nb4 17. a3 Na6 18. Bb6 Qe8 19. Nxa5 Nc5 20. Bxc5 dxc5 21. Nxb7
Ng4 22. Naxc5 Ne3 23. Qd3 Nxf1 24. b4 Ra8 25. Rxf1 Bb2 26. a4 Rxa4 27. Nxa4
Qxa4 28. Nc5 Qxb4 29. Nxe6 fxe6 30. Bg4 Kg7 31. Kh1 e5 32. f5 Bd4 33. h3 Rf6
34. Rb1 Qa5 35. Kh2 Rb6 36. fxg6 hxg6 37. Rc1 Rd6 38. Qe2 Rf6 39. Rf1 Qc3 40.
h4 Rf4 41. g3 Rf6 42. Rxf6 exf6 43. h5 Qc1 44. Qd1 Qxd1 45. Bxd1 gxh5 46. Bxh5
Kf8 47. Kh3 Ke7 48. Kg4 Bf2 49. Kf3 Bd4 1/2-1/2

[Event "Chinese League"]
[Site "Shenzhen CHN"]
[Date "2011.07.10"]
[Round "8"]
[White "Malakhov, Vladimir"]
[Black "Yu, Ruiyuan"]
[Result "1-0"]
[WhiteElo "2714"]
[BlackElo "2439"]
[PlyCount "125"]
[EventDate "2011.04.12"]
[WhiteTeam "Sichuan"]
[BlackTeam "Jiangsu"]

1. c4 c6 2. Nf3 d5 3. e3 Nf6 4. d4 Bf5 5. Nc3 e6 6. Nh4 Bg6 7. Be2 Nbd7 8. O-O
Bd6 9. g3 O-O 10. a3 dxc4 11. Nxg6 hxg6 12. Bxc4 c5 13. Ba2 Nb6 14. dxc5 Bxc5
15. Qf3 Qe7 16. Rd1 Rfd8 17. Bd2 Rac8 18. Be1 Bd6 19. Nb5 Bb8 20. Bb4 Qe8 21.
Nc3 Qc6 22. Rxd8+ Rxd8 23. Qxc6 bxc6 24. Rc1 Nfd5 25. Ba5 Be5 26. Nd1 Rc8 27.
f4 Bf6 28. Kg2 Ne7 29. Kf3 g5 30. fxg5 Bxg5 31. Nf2 Nf5 32. Bd2 Nd5 33. Ng4 Nd6
34. h4 Be7 35. Ne5 Bf6 36. Nxc6 Bxb2 37. Rc2 Bf6 38. e4 Ne7 39. Nxe7+ Bxe7 40.
Rxc8+ Nxc8 41. a4 Kf8 42. a5 Bc5 43. h5 Ke7 44. e5 f5 45. exf6+ Kxf6 46. g4 Nd6
47. g5+ Kf7 48. Bc3 Nf5 49. Kf4 Bd4 50. Bd2 Ke7 51. Bb1 Nd6 52. Bb4 e5+ 53. Kf3
Ke6 54. a6 Ne8 55. Ke4 Bf2 56. Ba2+ Kd7 57. Kxe5 Be3 58. Be6+ Kc6 59. Be7 Nc7
60. Bc8 Kb5 61. Kf5 Nd5 62. Bf8 Nf4 63. Kg4 1-0

[Event "Chinese League"]
[Site "Shenzhen CHN"]
[Date "2011.07.10"]
[Round "8"]
[White "Lu, Shanglei"]
[Black "Motylev, Alexander"]
[Result "1/2-1/2"]
[WhiteElo "2456"]
[BlackElo "2677"]
[PlyCount "53"]
[EventDate "2011.04.12"]
[WhiteTeam "Zhejiang"]
[BlackTeam "Chongqing"]

1. e4 c5 2. Nf3 Nc6 3. Bb5 g6 4. Bxc6 dxc6 5. d3 Bg7 6. h3 Nh6 7. O-O O-O 8.
Nc3 f6 9. e5 Nf5 10. exf6 exf6 11. Re1 Re8 12. Ne4 b6 13. b3 Be6 14. Qd2 Nd4
15. Nxd4 cxd4 16. Ba3 c5 17. b4 f5 18. Ng5 Bd5 19. bxc5 Bf8 20. Rxe8 Qxe8 21.
c4 dxc3 22. Qxc3 Bg7 23. d4 Qa4 24. Nf3 Rc8 25. Ne5 a5 26. Qe3 f4 27. Qc3
1/2-1/2

[Event "Chinese League"]
[Site "Shenzhen CHN"]
[Date "2011.07.10"]
[Round "8"]
[White "Wang, Yue"]
[Black "Ni, Hua"]
[Result "1/2-1/2"]
[WhiteElo "2734"]
[BlackElo "2646"]
[PlyCount "34"]
[EventDate "2011.04.12"]
[WhiteTeam "Tianjin"]
[BlackTeam "Shanghai"]

1. Nf3 d5 2. c4 c6 3. d4 Nf6 4. e3 Bf5 5. Nc3 e6 6. Nh4 Bg6 7. Be2 Nbd7 8. O-O
Bd6 9. g3 O-O 10. Nxg6 hxg6 11. b3 Qe7 12. Bf3 Rac8 13. Bd2 a6 14. Re1 Bb4 15.
Rc1 b5 16. Qe2 dxc4 17. bxc4 Nb6 1/2-1/2

[Event "Chinese League"]
[Site "Chaongqing CHN"]
[Date "2011.08.11"]
[Round "10"]
[White "Yu, Yangyi"]
[Black "Malakhov, Vladimir"]
[Result "1/2-1/2"]
[WhiteElo "2652"]
[BlackElo "2714"]
[PlyCount "33"]
[EventDate "2011.04.12"]
[WhiteTeam "Beijing"]
[BlackTeam "Sichuan"]

1. e4 e5 2. Nf3 Nc6 3. d4 exd4 4. Nxd4 Bc5 5. Nb3 Bb6 6. Nc3 Nf6 7. Qe2 d6 8.
Be3 Be6 9. O-O-O Qe7 10. f3 O-O-O 11. Bxb6 axb6 12. Nd4 Kb8 13. Qe3 d5 14. exd5
Nxd5 15. Nxd5 Rxd5 16. Nxc6+ bxc6 17. Bc4 1/2-1/2

[Event "Chinese League"]
[Site "Chaongqing CHN"]
[Date "2011.08.12"]
[Round "11"]
[White "Lou, Yiping"]
[Black "Motylev, Alexander"]
[Result "0-1"]
[WhiteElo "2446"]
[BlackElo "2677"]
[PlyCount "58"]
[EventDate "2011.04.12"]
[WhiteTeam "Shanghai"]
[BlackTeam "Chongqing"]

1. d4 d6 2. c4 e5 3. Nf3 e4 4. Ng5 f5 5. Nc3 Be7 6. Nh3 Nf6 7. e3 O-O 8. Be2 c6
9. O-O Kh8 10. Bd2 d5 11. Qb3 dxc4 12. Bxc4 Bd6 13. f3 exf3 14. Rxf3 c5 15. Rd1
Ng4 16. dxc5 Bxh2+ 17. Kh1 Nc6 18. e4 Qe8 19. Bg5 h6 20. Bh4 Qh5 21. Be1 Na5
22. Qb4 Nxc4 23. c6 Be6 24. cxb7 Rab8 25. Nd5 Nge5 26. Kxh2 Nxf3+ 27. gxf3 fxe4
28. Qxf8+ Rxf8 29. Ndf4 Qf7 0-1

[Event "Chinese League"]
[Site "Chaongqing CHN"]
[Date "2011.08.12"]
[Round "11"]
[White "Wang, Yue"]
[Black "Yu, Ruiyuan"]
[Result "1/2-1/2"]
[WhiteElo "2734"]
[BlackElo "2439"]
[PlyCount "100"]
[EventDate "2011.04.12"]
[WhiteTeam "Tianjin"]
[BlackTeam "Jiangsu"]

1. d4 d5 2. c4 c6 3. Nf3 Nf6 4. Nc3 dxc4 5. a4 Bf5 6. e3 e6 7. Bxc4 Bb4 8. O-O
Nbd7 9. Qe2 O-O 10. e4 Bg6 11. Bd3 Bh5 12. e5 Nd5 13. Nxd5 cxd5 14. Qe3 Be7 15.
Bd2 Rc8 16. Ne1 Bg6 17. Bxg6 fxg6 18. Nd3 Qb6 19. a5 Qb5 20. Rac1 Nb8 21. Rxc8
Rxc8 22. h4 Qd7 23. Qh3 Rc4 24. Bc3 Nc6 25. Qg4 Bb4 26. Rb1 Qf7 27. a6 b6 28.
Nxb4 Nxb4 29. Bxb4 Rxb4 30. b3 h5 31. Qg5 Rxd4 32. Rc1 Rg4 33. Rc8+ Kh7 34. Qd8
g5 35. Qe8 Qxe8 36. Rxe8 Rxh4 37. Rxe6 Re4 38. Re7 d4 39. f3 Re2 40. Rxa7 Rxe5
41. Rd7 Ra5 42. a7 d3 43. Kf2 Ra2+ 44. Kg3 d2 45. Rxd2 Rxa7 46. Rd5 Ra5 47. Rd4
Rb5 48. b4 Kg6 49. Kf2 Kf5 50. g4+ Kf6 1/2-1/2

[Event "Chinese League"]
[Site "Chaongqing CHN"]
[Date "2011.08.12"]
[Round "11"]
[White "Lu, Shanglei"]
[Black "Malakhov, Vladimir"]
[Result "1/2-1/2"]
[WhiteElo "2456"]
[BlackElo "2714"]
[PlyCount "115"]
[EventDate "2011.04.12"]
[WhiteTeam "Zhejiang"]
[BlackTeam "Sichuan"]

1. e4 e5 2. Nc3 Nf6 3. f4 d5 4. fxe5 Nxe4 5. Nf3 Be7 6. Bd3 Nc5 7. Bb5+ c6 8.
d4 cxb5 9. dxc5 Be6 10. Be3 Na6 11. Qd3 b4 12. c6 bxc3 13. cxb7 Rb8 14. Qxa6
Qc7 15. b3 Rxb7 16. O-O O-O 17. Qd3 Rc8 18. Kh1 Rb4 19. Bd4 a5 20. Rae1 h6 21.
h3 Qc6 22. a3 Rb7 23. a4 Qd7 24. Ng1 Qc7 25. Ne2 Rb4 26. Rf3 Bc5 27. Qe3 Be7
28. Nxc3 Qd7 29. Ref1 Rb7 30. Qf2 Rbc7 31. Qg3 Bb4 32. Nb5 Rxc2 33. Nd6 Rf8 34.
Be3 f5 35. Bxh6 Bxd6 36. exd6 d4 37. Re1 Rf6 38. Bf4 Qf7 39. Bg5 f4 40. Rxf4
Rxf4 41. Bxf4 Bd5 42. Rg1 Rc3 43. Qg4 Be6 44. Qg5 Rxb3 45. Kh2 d3 46. Be5 Rb7
47. Qd8+ Kh7 48. Qxa5 Qf5 49. Qc3 Rb3 50. Qd4 d2 51. Rd1 Rd3 52. Qf4 Qh5 53.
Bxg7 Bxh3 54. Rxd2 Bd7+ 55. Kg1 Rxd2 56. Qxd2 Kxg7 57. Qd4+ Kf7 58. Kf2 1/2-1/2

[Event "Baku Open 2011"]
[Site "Baku AZE"]
[Date "2011.08.13"]
[Round "8"]
[White "Abbasov, F."]
[Black "Dominguez Perez, L."]
[Result "1/2-1/2"]
[WhiteElo "2529"]
[BlackElo "2719"]
[PlyCount "59"]
[EventDate "2011.08.06"]

1. c4 g6 2. g3 Bg7 3. Bg2 c5 4. Nc3 Nc6 5. a3 d6 6. Rb1 e6 7. b4 Nge7 8. Nf3 b6
9. O-O Bb7 10. Bb2 O-O 11. Nb5 Bxb2 12. Rxb2 Rb8 13. d3 Qd7 14. Nc3 Nd4 15. e3
Nxf3+ 16. Bxf3 cxb4 17. axb4 d5 18. Ra2 dxc4 19. dxc4 Qxd1 20. Bxd1 Rfc8 21.
Be2 Nc6 22. Nb5 Nxb4 23. Rxa7 Rd8 24. Rb1 Nc6 25. Rxb7 Rxb7 26. Bf3 Rc8 27. Nd6
Rbc7 28. Bxc6 Rxc6 29. Nxc8 Rxc8 30. Rxb6 1/2-1/2

[Event "Baku Open 2011"]
[Site "Baku AZE"]
[Date "2011.08.13"]
[Round "8"]
[White "Zhigalko, S."]
[Black "Mamedyarov, S."]
[Result "1/2-1/2"]
[WhiteElo "2689"]
[BlackElo "2765"]
[PlyCount "26"]
[EventDate "2011.08.06"]

1. e4 e6 2. d4 d5 3. Nc3 Bb4 4. exd5 exd5 5. Bd3 Nc6 6. Nge2 Bg4 7. f3 Be6 8.
O-O Nge7 9. Bf4 Nf5 10. Nb5 Ba5 11. c3 Nce7 12. g4 Nh4 13. Bg3 Nhg6 1/2-1/2

[Event "Baku Open 2011"]
[Site "Baku AZE"]
[Date "2011.08.13"]
[Round "8"]
[White "Bruzon Batista, L."]
[Black "Sutovsky, E."]
[Result "1/2-1/2"]
[WhiteElo "2673"]
[BlackElo "2700"]
[PlyCount "49"]
[EventDate "2011.08.06"]

1. c4 Nf6 2. Nc3 g6 3. Nf3 d5 4. cxd5 Nxd5 5. Qa4+ Nc6 6. Ne5 Qd6 7. Nxc6 Qxc6
8. Qxc6+ bxc6 9. b3 Nxc3 10. dxc3 a5 11. Bb2 a4 12. g3 Bg7 13. O-O-O O-O 14. c4
axb3 15. axb3 Bh6+ 16. e3 Bg4 17. Rd2 Bf3 18. Rg1 Rfb8 19. Kc2 Ra2 20. Be2 Be4+
21. Bd3 Rd8 22. Rgd1 Bg7 23. Bxe4 Rxb2+ 24. Kc1 Rdxd2 25. Rxd2 1/2-1/2

[Event "Baku Open 2011"]
[Site "Baku AZE"]
[Date "2011.08.13"]
[Round "8"]
[White "Vallejo Pons, F."]
[Black "Ibrahimov, R."]
[Result "1/2-1/2"]
[WhiteElo "2724"]
[BlackElo "2547"]
[PlyCount "59"]
[EventDate "2011.08.06"]

1. e4 c5 2. c3 d5 3. exd5 Qxd5 4. d4 Nf6 5. Nf3 Bg4 6. dxc5 Qxc5 7. h3 Bd7 8.
Na3 e6 9. Be3 Qa5 10. Nc4 Qc7 11. Qd2 Nd5 12. Bg5 Bb5 13. Nd6+ Bxd6 14. Bxb5+
Nc6 15. O-O a6 16. Ba4 h6 17. Rfe1 Nde7 18. Bxc6+ Qxc6 19. Rad1 Nf5 20. Nh4
Nxh4 21. Bxh4 Be7 22. Qd4 f6 23. Bg3 Rd8 24. Qg4 Kf7 25. Qh5+ g6 26. Rxd8 Bxd8
27. Qh4 Be7 28. Rd1 h5 29. Qf4 e5 30. Qe3 1/2-1/2

[Event "Russian SuperFinal 2011"]
[Site "Moscow RUS"]
[Date "2011.08.13"]
[Round "5"]
[White "Grischuk, A."]
[Black "Kramnik, V."]
[Result "1/2-1/2"]
[WhiteElo "2746"]
[BlackElo "2781"]
[PlyCount "41"]
[EventDate "2011.08.08"]

1. c4 Nf6 2. Nc3 e6 3. Nf3 d5 4. d4 dxc4 5. e4 Bb4 6. Bg5 c5 7. Bxc4 cxd4 8.
Nxd4 Bxc3+ 9. bxc3 Qa5 10. Bb5+ Nbd7 11. Bxf6 Qxc3+ 12. Kf1 gxf6 13. h4 a6 14.
Rh3 Qb4 15. Be2 Ne5 16. Rc1 Qd6 17. Rc2 Bd7 18. Rd2 Qc7 19. Rc2 Qd6 20. Rd2 Qc7
21. Rc2 1/2-1/2